[Event "MCR mladeze 2019 - H16"]
[Site "Kouty nad Desnou"]
[Date "2019.03.09"]
[Round "1"]
[White "Novotny, Ondrej"]
[Black "Mica, Marek"]
[Result "0-1"]
[WhiteElo "1933"]
[BlackElo "2240"]
[PlyCount "122"]
[EventDate "2019.??.??"]

1. e4 c6 2. d4 d5 3. f3 e6 4. Bf4 Nf6 5. e5 Nfd7 6. c3 c5 7. Be3 Be7 8. f4 b6
9. Qa4 Bb7 10. Nf3 a6 11. Bd3 b5 12. Qc2 g6 13. h4 c4 14. Be2 h5 15. Ng5 Nf8
16. Nd2 Nc6 17. Ndf3 b4 18. O-O Qa5 19. Bd2 bxc3 20. Bxc3 Bb4 21. Bxb4 Qxb4 22.
Rfc1 Rc8 23. b3 Qb6 24. Qd2 cxb3 25. Rab1 Na5 26. axb3 Rxc1+ 27. Qxc1 Nc6 28.
Qc3 a5 29. Rc1 Nd7 30. Qd3 Rg8 31. Qc3 Ke7 32. Qd3 Rc8 33. Rc3 Nb4 34. Qd2 Nc6
35. Kh2 Qb4 36. Rc2 Qxd2 37. Rxd2 Nb4 38. Rd1 Rc3 39. Ra1 Nc6 40. Bb5 Ndb8 41.
Ba4 Nb4 42. Nd2 Ba6 43. Ngf3 Be2 44. Kg1 N8a6 45. Kf2 Bxf3 46. Nxf3 Nd3+ 47.
Kg3 Nc7 48. Rb1 Nc1 49. Kf2 Na6 50. Ra1 Nb4 51. Ke1 Ncd3+ 52. Kf1 Nc2 53. Ra2
Nxf4 54. Bb5 Ne3+ 55. Kf2 Rxb3 56. Rxa5 Nfxg2 57. Kg3 Rb2 58. Ng5 Kf8 59. Bd3
Ne1 60. Bb5 Nf5+ 61. Kh3 Nxd4 0-1

[Event "MCR mladeze 2019 - H16"]
[Site "Kouty nad Desnou"]
[Date "2019.03.09"]
[Round "1"]
[White "Stinka, Jakub"]
[Black "Ocko, Dominik"]
[Result "1-0"]
[WhiteElo "2196"]
[BlackElo "1914"]
[PlyCount "113"]
[EventDate "2019.??.??"]

1. Nf3 c5 2. c4 Nc6 3. Nc3 g6 4. e3 Bg7 5. d4 d6 6. d5 Ne5 7. Nxe5 Bxe5 8. Bd3
Nh6 9. e4 Ng4 10. h3 Bxc3+ 11. bxc3 Ne5 12. Be2 Qa5 13. Bd2 f5 14. f4 Nf7 15.
Bd3 fxe4 16. Bxe4 Bd7 17. a4 O-O-O 18. O-O Rhf8 19. Qe2 Rde8 20. Rfb1 Nd8 21.
Qd3 Qc7 22. a5 Bf5 23. Rb5 Bxe4 24. Qxe4 e5 25. dxe6 Rxe6 26. Qf3 Qc6 27. Qd5
Rf5 28. Qd3 Rf7 29. Rab1 Rfe7 30. Qd5 Qxd5 31. cxd5 Re2 32. R5b2 R2e4 33. f5
gxf5 34. Bg5 Re1+ 35. Rxe1 Rxe1+ 36. Kf2 Re8 37. Bxd8 Rxd8 38. Re2 Kd7 39. Re6
Rf8 40. c4 b6 41. a6 Rf7 42. Kf3 Rf8 43. Kf4 Rg8 44. g3 Rg6 45. Re3 Rf6 46. Kg5
Rf8 47. Rf3 b5 48. cxb5 Rb8 49. Rxf5 Ke7 50. Kf4 Rxb5 51. Rh5 Rb4+ 52. Kf5 Rd4
53. Rxh7+ Kd8 54. Rxa7 Rxd5+ 55. Ke6 Rd3 56. Rg7 Kc8 57. Rg8+ 1-0

[Event "MCR mladeze 2019 - H16"]
[Site "Kouty nad Desnou"]
[Date "2019.03.09"]
[Round "1"]
[White "Kucera, Tomas"]
[Black "Vorisek, Jakub"]
[Result "1-0"]
[WhiteElo "1904"]
[BlackElo "2077"]
[PlyCount "51"]
[EventDate "2019.??.??"]

1. c4 e6 2. Nf3 d5 3. cxd5 exd5 4. d4 c5 5. Nc3 Nc6 6. Bg5 Be7 7. Bxe7 Ngxe7 8.
e3 c4 9. Be2 O-O 10. O-O Bg4 11. Qd2 Rb8 12. a4 Na5 13. Bd1 Nec6 14. Ne5 Bxd1
15. Raxd1 Nb3 16. Qe2 Kh8 17. Qh5 g6 18. Qh3 Nxe5 19. dxe5 Qc7 20. f4 Qc8 21.
Qh4 Qd8 22. Qh6 d4 23. Ne4 Rg8 24. Nf6 Rg7 25. Rf3 g5 26. Rh3 1-0

[Event "MCR mladeze 2019 - H16"]
[Site "Kouty nad Desnou"]
[Date "2019.03.09"]
[Round "1"]
[White "Fojt, Petr"]
[Black "Nemec, David"]
[Result "0-1"]
[WhiteElo "2058"]
[BlackElo "1895"]
[PlyCount "98"]
[EventDate "2019.??.??"]

1. e4 d6 2. d4 Nf6 3. Nc3 Nbd7 4. Nf3 e5 5. Bc4 Be7 6. a4 O-O 7. O-O a5 8. h3
c6 9. Re1 Qc7 10. Qe2 h6 11. Be3 Re8 12. Bb3 Nf8 13. d5 Ng6 14. Nd2 Bf8 15.
Rad1 Nd7 16. Nc4 Nc5 17. Ba2 Bd7 18. Qf3 Rad8 19. Qg3 Kh7 20. h4 h5 21. dxc6
bxc6 22. Nxa5 Be6 23. Bxe6 Nxe6 24. Nc4 Rb8 25. b3 Ngf4 26. Ne2 Nxe2+ 27. Rxe2
c5 28. Red2 Nd4 29. Bxd4 cxd4 30. Rd3 g6 31. Qf3 Bh6 32. g3 Kg7 33. Kg2 d5 34.
Re1 dxc4 35. bxc4 Qxc4 36. a5 Ra8 37. g4 hxg4 38. Qxg4 Qxc2 39. Rf3 Rxa5 40. h5
Ra6 41. Qd7 Rf8 42. Qd5 Qc7 43. Rb1 Qd6 44. Qb7 Bf4 45. Rg1 Rb8 46. h6+ Kg8 47.
h7+ Kg7 48. Rh1 Rh8 49. Rc1 Rxh7 0-1

[Event "MCR mladeze 2019 - H16"]
[Site "Kouty nad Desnou"]
[Date "2019.03.09"]
[Round "1"]
[White "Martirosyan, Ara"]
[Black "Barak, David"]
[Result "1-0"]
[WhiteElo "1885"]
[BlackElo "2019"]
[PlyCount "75"]
[EventDate "2019.??.??"]

1. d4 Nf6 2. Bf4 d5 3. e3 e6 4. Nf3 Bd6 5. Ne5 O-O 6. Bd3 c5 7. c3 Nc6 8. Nd2
Qc7 9. Ndf3 Ne7 10. h4 b5 11. g4 b4 12. h5 bxc3 13. bxc3 cxd4 14. cxd4 Ba6 15.
Kf1 Bxd3+ 16. Qxd3 Rac8 17. Kg2 Ne4 18. Rac1 Qxc1 19. Rxc1 Rxc1 20. Nd7 Rfc8
21. Bxd6 Nxd6 22. Qa3 R1c6 23. Nfe5 Nc4 24. Qxe7 Nxe5 25. Nxe5 R6c7 26. Qb4 h6
27. Kg3 Rc2 28. a4 R2c7 29. a5 Kh8 30. f4 Kg8 31. g5 hxg5 32. fxg5 Rc3 33. Kf4
Rc1 34. Qe7 R1c7 35. Qd6 Rc1 36. g6 Rf1+ 37. Kg3 Rc2 38. Qd8# 1-0

[Event "MCR mladeze 2019 - H16"]
[Site "Kouty nad Desnou"]
[Date "2019.03.09"]
[Round "1"]
[White "Polansky, Adam Lubos"]
[Black "Glozar, Petr"]
[Result "1-0"]
[WhiteElo "2018"]
[BlackElo "1883"]
[PlyCount "97"]
[EventDate "2019.??.??"]

1. d4 Nf6 2. g3 d5 3. c4 e6 4. Nf3 Be7 5. Bg2 O-O 6. O-O b6 7. Ne5 Bb7 8. Nc3
Nbd7 9. Bf4 Nxe5 10. dxe5 Ne4 11. Nxe4 dxe4 12. Qc2 Bc5 13. Rad1 Qe7 14. Bxe4
Bxe4 15. Qxe4 Rad8 16. Rd3 Rxd3 17. exd3 Rd8 18. Be3 Qd7 19. Bxc5 bxc5 20. Qb7
c6 21. Qxd7 Rxd7 22. Rd1 g5 23. f3 a5 24. Kf2 Kg7 25. Ke3 f6 26. f4 gxf4+ 27.
gxf4 fxe5 28. fxe5 Rd4 29. Rg1+ Kf7 30. Rf1+ Ke7 31. Rf4 Rd8 32. Rh4 Rh8 33.
Rh6 Kf7 34. b3 a4 35. bxa4 Ra8 36. Rxh7+ Kg6 37. Rc7 Rxa4 38. Rxc6 Kf5 39. Rxc5
Rxa2 40. Rc8 Rxh2 41. Kd4 Rh4+ 42. Kc5 Kxe5 43. Rd8 Kf6 44. Kd6 Rd4+ 45. Kc7
Rh4 46. c5 Ke7 47. c6 Rh1 48. Rd7+ Ke8 49. Kd6 1-0

[Event "MCR mladeze 2019 - H16"]
[Site "Kouty nad Desnou"]
[Date "2019.03.09"]
[Round "1"]
[White "Volak, Simon"]
[Black "Hofman, Krystof"]
[Result "1-0"]
[WhiteElo "1843"]
[BlackElo "2012"]
[PlyCount "155"]
[EventDate "2019.??.??"]

1. c4 Nf6 2. Nc3 g6 3. g3 Bg7 4. Bg2 O-O 5. Nf3 d6 6. O-O e5 7. d3 Nc6 8. Rb1
a5 9. a3 Re8 10. Ne1 Be6 11. Nd5 Bf5 12. e4 Bd7 13. Bg5 h6 14. Nxf6+ Bxf6 15.
Bxh6 Kh7 16. Be3 Rh8 17. Qd2 g5 18. f4 g4 19. Nc2 Qe7 20. d4 a4 21. Rbd1 Rad8
22. fxe5 dxe5 23. d5 Nb8 24. Qf2 Bg7 25. Qxf7 Qxf7 26. Rxf7 Rdf8 27. Rdf1 Rxf7
28. Rxf7 Kg6 29. Rf2 Bf8 30. Nb4 b6 31. Nd3 Bd6 32. Bd2 Na6 33. Bb4 Nc5 34.
Nxc5 Bxc5 35. Bxc5 bxc5 36. Bf1 Rb8 37. Bd3 Kg7 38. Kf1 Rb3 39. Rd2 Kf7 40. Ke1
Ke7 41. Kd1 Rb8 42. Kc1 Rb3 43. Bc2 Rf3 44. Re2 Rf1+ 45. Kd2 Rf8 46. Bd1 Rb8
47. Kc3 Ra8 48. Rf2 Ra6 49. Bc2 Ra8 50. b3 axb3 51. Kxb3 Rb8+ 52. Kc3 Ra8 53.
a4 Rb8 54. Rf1 Rh8 55. Rf2 Rh6 56. Bb3 Rb6 57. Ra2 Ra6 58. a5 Kd8 59. Kb2 Ke7
60. Ba4 Rxa5 61. Bxd7 Rxa2+ 62. Kxa2 Kxd7 63. Kb2 Kc8 64. Kc2 Kb7 65. Kd2 Ka6
66. Ke2 Ka5 67. Kf2 Kb4 68. h4 gxh3 69. g4 Kxc4 70. g5 Kd3 71. g6 h2 72. Kg2 c4
73. g7 c3 74. g8=Q Kxe4 75. Kxh2 Kd3 76. Qg3+ Kd4 77. Qe1 c2 78. Qd2+ 1-0

[Event "MCR mladeze 2019 - H16"]
[Site "Kouty nad Desnou"]
[Date "2019.03.09"]
[Round "1"]
[White "Pavlicek, Lukas"]
[Black "Tajovsky, Matej"]
[Result "1-0"]
[WhiteElo "2003"]
[BlackElo "1810"]
[PlyCount "63"]
[EventDate "2019.??.??"]

1. c4 e5 2. Nc3 Nf6 3. Nf3 Nc6 4. e4 Be7 5. d4 exd4 6. Nxd4 Nxd4 7. Qxd4 d6 8.
Be2 O-O 9. b3 Bd7 10. Bb2 c5 11. Qd3 a6 12. O-O Bc6 13. Bd1 Nd7 14. f4 Re8 15.
Bc2 Nf8 16. Nd5 b5 17. Qg3 f6 18. Rad1 bxc4 19. bxc4 Bxd5 20. Rxd5 Qb6 21. Bc3
Ne6 22. Kh1 Ra7 23. e5 Nd4 24. Bxd4 cxd4 25. Qh3 g6 26. Qe6+ Kf8 27. Ba4 Rb8
28. exf6 Rbb7 29. fxe7+ Rxe7 30. Qf6+ Kg8 31. Rxd6 Qa5 32. Bb3 1-0

[Event "MCR mladeze 2019 - H16"]
[Site "Kouty nad Desnou"]
[Date "2019.03.09"]
[Round "1"]
[White "Krizek, Krystof"]
[Black "Nytra, Ondrej"]
[Result "0-1"]
[WhiteElo "1804"]
[BlackElo "1998"]
[PlyCount "126"]
[EventDate "2019.??.??"]

1. e4 e5 2. Nf3 Nc6 3. Bc4 Nf6 4. d3 Be7 5. c3 O-O 6. O-O d5 7. exd5 Nxd5 8.
Re1 Bg4 9. d4 exd4 10. cxd4 Bf6 11. Be3 Re8 12. Nc3 Nxe3 13. fxe3 Bh4 14. Rf1
Rxe3 15. Bxf7+ Kh8 16. d5 Bxf3 17. Rxf3 Rxf3 18. Qxf3 Ne5 19. Qh5 Qe7 20. Be6
Nd3 21. Ne4 Rf8 22. Qe2 Nf2 23. Rc1 Nxe4 24. Qxe4 Qf6 25. Qe2 Bg5 26. Rd1 Bf4
27. g3 Be5 28. b3 Bd4+ 29. Kg2 Qf2+ 30. Qxf2 Rxf2+ 31. Kh3 Bc5 32. a4 Rf3 33.
Rb1 Bb4 34. Rc1 Bd6 35. Rb1 Rd3 36. Rb2 b6 37. Kg2 g6 38. b4 Rd4 39. a5 Bxb4
40. axb6 axb6 41. Kf3 Kg7 42. Ke3 Bc5 43. Kf3 Kf6 44. Re2 b5 45. Rc2 Bd6 46.
Ke3 Ra4 47. Bd7 Ra3+ 48. Kd4 b4 49. Rf2+ Kg7 50. Rb2 Rf3 51. Ke4 Rf1 52. Bb5
Re1+ 53. Kf3 Kf6 54. Kf2 Rh1 55. Ke3 Ke5 56. Bc6 Rd1 57. Rb3 Bc5+ 58. Ke2 Rh1
59. h4 Kd4 60. Kd2 Rh2+ 61. Kc1 Rf2 62. Bb5 Kxd5 63. Rd3+ Bd4 0-1

[Event "MCR mladeze 2019 - H16"]
[Site "Kouty nad Desnou"]
[Date "2019.03.09"]
[Round "1"]
[White "Travnicek, Krystof Mikulas"]
[Black "Zeman, Daniel"]
[Result "0-1"]
[WhiteElo "1968"]
[BlackElo "1804"]
[PlyCount "42"]
[EventDate "2019.??.??"]

1. c4 Nf6 2. Nc3 g6 3. e4 d6 4. d4 Bg7 5. f3 O-O 6. Be3 Nbd7 7. Qd2 c5 8. d5 a6
9. Nh3 Rb8 10. Nf2 Ne5 11. h3 Nh5 12. f4 Nd7 13. Bd3 Ng3 14. Rg1 Qa5 15. Nfd1
b5 16. Kf2 bxc4 17. Bxc4 Bxc3 18. Nxc3 Qxc3 19. Qxc3 Nxe4+ 20. Kf3 Nxc3 21.
bxc3 Nb6 0-1

[Event "MCR mladeze 2019 - H16"]
[Site "Kouty nad Desnou"]
[Date "2019.03.09"]
[Round "1"]
[White "Szotkowski, David"]
[Black "Hurtik, Matej"]
[Result "1-0"]
[WhiteElo "1709"]
[BlackElo "1959"]
[PlyCount "82"]
[EventDate "2019.??.??"]

1. e4 d5 2. exd5 Qxd5 3. Nc3 Qa5 4. d4 Nf6 5. Bd2 c6 6. h3 Bf5 7. Nf3 Nbd7 8.
Nh4 Bg6 9. Nxg6 hxg6 10. Bd3 O-O-O 11. O-O e5 12. Ne4 Qc7 13. Ng5 Nb6 14. dxe5
Nh7 15. Qg4+ Kb8 16. e6 Nxg5 17. Bxg5 f6 18. Bf4 Bd6 19. Bxd6 Qxd6 20. Bxg6 Qe7
21. Rad1 Nd5 22. c4 Nc7 23. Bf5 g5 24. Rxd8+ Rxd8 25. Rd1 Rd6 26. Rxd6 Qxd6 27.
Qe2 Qe7 28. Qh5 b6 29. Qd1 Kc8 30. g3 Nxe6 31. Qg4 Kd7 32. Kg2 Kd6 33. Bxe6
Qxe6 34. Qxe6+ Kxe6 35. Kf3 a5 36. h4 gxh4 37. gxh4 Kf5 38. a4 Ke5 39. Kg4 Kd4
40. h5 Kxc4 41. h6 Kd5 1-0

[Event "MCR mladeze 2019 - H16"]
[Site "Kouty nad Desnou"]
[Date "2019.03.09"]
[Round "1"]
[White "Placer, Sebastian"]
[Black "Kubice, Jakub"]
[Result "1-0"]
[WhiteElo "1947"]
[BlackElo "1605"]
[PlyCount "43"]
[EventDate "2019.??.??"]

1. d4 Nc6 2. e4 e5 3. Nf3 exd4 4. Nxd4 Bc5 5. Nxc6 bxc6 6. Bc4 d6 7. O-O Ne7 8.
Re1 O-O 9. Bg5 Be6 10. Bb3 Qd7 11. Nc3 Ng6 12. Na4 Bb6 13. c4 Ba5 14. Re2 Ne5
15. f4 f6 16. fxe5 fxg5 17. c5 d5 18. Qd3 Rab8 19. Qa6 Rb5 20. exd5 cxd5 21. c6
Bb6+ 22. Qxb6 1-0

[Event "MCR mladeze 2019 - FIDE Open"]
[Site "Kouty nad Desnou"]
[Date "2019.03.09"]
[Round "1"]
[White "Langner, Ladislav"]
[Black "Broz, Petr"]
[Result "0-1"]
[WhiteElo "2382"]
[BlackElo "1883"]
[PlyCount "120"]
[EventDate "2019.03.09"]

1. e4 e6 2. d4 d5 3. e5 c5 4. c3 Nc6 5. Nf3 Bd7 6. a3 c4 7. Nbd2 Na5 8. g3 Bc6
9. Bg2 Qd7 10. Nf1 Ba4 11. Qe2 O-O-O 12. Ne3 Ne7 13. O-O Kb8 14. Ng5 Nec6 15.
f4 h6 16. Nh3 Nb3 17. Rb1 a5 18. f5 b5 19. Nf4 Ncxd4 20. cxd4 Nxd4 21. Qf2 Bc5
22. fxe6 fxe6 23. Ng6 Rhe8 24. b4 cxb3 25. Kh1 Nc2 26. Qf3 Bxe3 27. Bxe3 Nxa3
28. Bb6 Nxb1 29. Rxb1 Rc8 30. Bxa5 Qc6 31. Bf1 d4 32. Qxc6 Rxc6 33. Nf4 Rc2 34.
Bd3 Ra2 35. Bb6 g5 36. Bg6 Rg8 37. Bf7 Rf8 38. Bxe6 gxf4 39. Bc5 Rd8 40. Be7
Rc8 41. Bd6+ Kb7 42. gxf4 Rac2 43. Bxc8+ Kxc8 44. f5 b4 45. Bxb4 Bc6+ 46. Kg1
Bd5 47. Rd1 d3 48. Ba3 Rg2+ 49. Kf1 Rxh2 50. Rxd3 Bc4 51. Kg1 Bxd3 52. Kxh2
Bxf5 53. Kg3 h5 54. Kf4 h4 55. Bc1 h3 56. Kf3 Kd7 57. Kg3 Ke6 58. Bb2 Kd5 59.
Kf2 Ke4 60. Ba1 Kd3 0-1

[Event "MCR mladeze 2019 - FIDE Open"]
[Site "Kouty nad Desnou"]
[Date "2019.03.09"]
[Round "1"]
[White "Novotna, Tereza"]
[Black "Sikorova, Olga"]
[Result "0-1"]
[WhiteElo "1846"]
[BlackElo "2241"]
[PlyCount "56"]
[EventDate "2019.03.09"]

1. d4 Nf6 2. c4 g6 3. Nc3 Bg7 4. e4 d6 5. f3 O-O 6. Be3 e5 7. d5 Nh5 8. Nge2 f5
9. Qd2 a6 10. O-O-O b5 11. Kb1 b4 12. Na4 fxe4 13. fxe4 Qh4 14. Qc2 Bd7 15. b3
Bxa4 16. bxa4 Nf6 17. Ng3 Ng4 18. Bg1 Bh6 19. Be2 Ne3 20. Qb3 Nxd1 21. Bxd1 Qf4
22. Qc2 Nd7 23. c5 Rab8 24. Qc4 Qd2 25. Bb3 Bf4 26. cxd6 cxd6 27. Ba7 Rbc8 28.
Rd1 Qxd1+ 0-1

[Event "MCR mladeze 2019 - FIDE Open"]
[Site "Kouty nad Desnou"]
[Date "2019.03.09"]
[Round "1"]
[White "Lorenc, Tomas"]
[Black "Sojma, Zdenek"]
[Result "1-0"]
[WhiteElo "2173"]
[BlackElo "1841"]
[PlyCount "59"]
[EventDate "2019.03.09"]

1. c4 e5 2. g3 Nf6 3. Bg2 c6 4. Nc3 Bc5 5. Rb1 Qe7 6. Nf3 O-O 7. O-O d6 8. b4
Bb6 9. b5 Be6 10. d3 d5 11. Nxe5 Bd4 12. bxc6 bxc6 13. Rxb8 Raxb8 14. Nxc6 Qc5
15. Nxb8 Bxc3 16. Qb3 dxc4 17. Qxc3 Rxb8 18. Be3 Qe7 19. dxc4 Rc8 20. Rb1 Bxc4
21. Bb7 Rc7 22. Ba6 Bb5 23. Qa5 Be8 24. Rb8 Rd7 25. Bd3 g6 26. Qg5 Nd5 27. Qxe7
Rxe7 28. Bc5 Re5 29. f4 Re6 30. Bc4 1-0

[Event "MCR mladeze 2019 - FIDE Open"]
[Site "Kouty nad Desnou"]
[Date "2019.03.09"]
[Round "1"]
[White "Cibikova, Sofia Anna"]
[Black "Bochnicka, Vladimir"]
[Result "0-1"]
[WhiteElo "1812"]
[BlackElo "2149"]
[PlyCount "94"]
[EventDate "2019.03.09"]

1. e4 c5 2. Nc3 Nc6 3. g3 g6 4. Bg2 Bg7 5. d3 e6 6. f4 Nge7 7. Nf3 O-O 8. Be3
Nd4 9. e5 Nef5 10. Bf2 d6 11. exd6 Qxd6 12. O-O Nxf3+ 13. Bxf3 Bd4 14. Qe2 Bd7
15. Ne4 Qe7 16. c3 Bxf2+ 17. Qxf2 Rac8 18. Rad1 Bc6 19. Rfe1 Rfd8 20. Rd2 b6
21. Ng5 Bxf3 22. Nxf3 Qd7 23. Red1 Qd5 24. a3 Qb3 25. Qe2 Rd5 26. g4 Ne7 27.
Ne5 Nc6 28. d4 Nxe5 29. dxe5 Rcd8 30. Rxd5 Rxd5 31. Rxd5 Qxd5 32. Kf2 Kg7 33.
Kg3 c4 34. Kf2 b5 35. Ke3 g5 36. Qf1 a6 37. Qf3 Qc5+ 38. Ke4 h6 39. fxg5 Qd5+
40. Kf4 hxg5+ 41. Kg3 Qxe5+ 42. Kg2 Qd5 43. Qxd5 exd5 44. Kf2 Kf6 45. Ke2 Ke5
46. Ke3 f6 47. h3 a5 0-1

[Event "MCR mladeze 2019 - FIDE Open"]
[Site "Kouty nad Desnou"]
[Date "2019.03.09"]
[Round "1"]
[White "Hanl, Frantisek"]
[Black "Balin, Daniel"]
[Result "1-0"]
[WhiteElo "2137"]
[BlackElo "1811"]
[PlyCount "85"]
[EventDate "2019.03.09"]

1. b3 d5 2. Bb2 c5 3. e3 Nc6 4. Bb5 Nf6 5. Nf3 Bg4 6. h3 Bh5 7. g4 Bg6 8. Ne5
Qb6 9. Bxc6+ bxc6 10. h4 h6 11. Nxg6 fxg6 12. Nc3 e5 13. Na4 Qc7 14. Qe2 Bd6
15. O-O-O O-O-O 16. g5 Nd7 17. Qg4 Rhg8 18. Qe6 Rdf8 19. Ba3 Kb7 20. d4 exd4
21. exd4 hxg5 22. hxg5 Bf4+ 23. Kb1 Bxg5 24. Qxd7 Qxd7 25. Nxc5+ Kc7 26. Nxd7
Kxd7 27. Bxf8 Rxf8 28. Rhg1 Rf5 29. Rd3 Bf6 30. Rg2 Rf4 31. c3 g5 32. f3 Rh4
33. Re3 Rh3 34. Rge2 Rg3 35. Kc2 Kd6 36. b4 Rg1 37. Re8 Rf1 38. R2e3 Kc7 39. a4
Rf2+ 40. Kb3 a6 41. a5 Kb7 42. Rf8 c5 43. Rf7+ 1-0

[Event "MCR mladeze 2019 - FIDE Open"]
[Site "Kouty nad Desnou"]
[Date "2019.03.09"]
[Round "1"]
[White "Klubal, Jiri"]
[Black "Londin, Simon"]
[Result "0-1"]
[WhiteElo "1791"]
[BlackElo "2125"]
[PlyCount "44"]
[EventDate "2019.03.09"]

1. e4 c5 2. Nf3 g6 3. d4 cxd4 4. Nxd4 Nc6 5. c4 Nf6 6. Nc3 d6 7. Be3 Ng4 8. Nc2
Nxe3 9. Nxe3 Bg7 10. Rc1 O-O 11. Be2 Bd7 12. O-O a6 13. Qd2 Nd4 14. Bd3 b5 15.
Ne2 Rb8 16. b3 Ne6 17. Rc2 b4 18. Nd5 a5 19. Nef4 Nc5 20. Kh1 Bh6 21. Ne6 fxe6
22. Qxh6 exd5 0-1

[Event "MCR mladeze 2019 - FIDE Open"]
[Site "Kouty nad Desnou"]
[Date "2019.03.09"]
[Round "1"]
[White "Kubicek, Antonin"]
[Black "Urbanova, Daniela"]
[Result "1-0"]
[WhiteElo "2111"]
[BlackElo "1786"]
[PlyCount "65"]
[EventDate "2019.03.09"]

1. c4 Nf6 2. g3 d5 3. cxd5 Nxd5 4. Bg2 c6 5. d4 Qa5+ 6. Nd2 Nd7 7. Ngf3 N7f6 8.
O-O Bf5 9. Ne5 Bg6 10. e4 Nb6 11. Nb3 Qa4 12. Nxg6 hxg6 13. e5 Nfd5 14. e6
O-O-O 15. exf7 Nf6 16. Bf4 Nbd5 17. Be5 Rh6 18. Qe2 Qa6 19. Qxa6 bxa6 20. Rfc1
e6 21. Rxc6+ Kd7 22. Rxa6 Ke7 23. Rxa7+ Rd7 24. Rxd7+ Nxd7 25. a4 Kxf7 26. a5
Rh8 27. a6 Be7 28. Ra5 N7b6 29. Nc5 Ra8 30. Rb5 Bxc5 31. dxc5 Nd7 32. Rb7 Ke8
33. a7 1-0

[Event "MCR mladeze 2019 - FIDE Open"]
[Site "Kouty nad Desnou"]
[Date "2019.03.09"]
[Round "1"]
[White "Stastny , Jakub"]
[Black "Pycha, Patrik"]
[Result "0-1"]
[WhiteElo "1785"]
[BlackElo "2027"]
[PlyCount "108"]
[EventDate "2019.03.09"]

1. d4 d5 2. c4 e6 3. Nc3 Nf6 4. Bg5 Be7 5. Nf3 h6 6. Bh4 O-O 7. e3 b6 8. cxd5
Nxd5 9. Bxe7 Qxe7 10. Be2 Rd8 11. O-O Nxc3 12. bxc3 Bb7 13. Qb3 Nd7 14. Rfd1 e5
15. Rac1 a6 16. a4 Rab8 17. Rc2 e4 18. Nd2 Kh8 19. c4 f5 20. Rdc1 Rf8 21. c5
bxc5 22. dxc5 Bc6 23. Qa3 Ne5 24. Nc4 Nxc4 25. Bxc4 Rfd8 26. Ra1 Qe5 27. Rcc1
a5 28. Rab1 Qe8 29. Qc3 Bxa4 30. Qxa5 Qd7 31. g3 Rxb1 32. Rxb1 Bc2 33. Rc1 Qd2
34. Qxd2 Rxd2 35. Kf1 Bd3+ 36. Bxd3 exd3 37. Ke1 Re2+ 38. Kf1 Rc2 39. Rd1 Rc3
40. Ke1 Kg8 41. Kd2 Rxc5 42. Kxd3 Rd5+ 43. Ke2 Rxd1 44. Kxd1 Kf7 45. Kd2 Ke6
46. Kc3 Ke5 47. f3 g5 48. h3 h5 49. Kd3 c5 50. h4 g4 51. f4+ Kd5 52. e4+ fxe4+
53. Kd2 Kd4 54. Kc2 c4 0-1

[Event "MCR mladeze 2019 - FIDE Open"]
[Site "Kouty nad Desnou"]
[Date "2019.03.09"]
[Round "1"]
[White "Bares, Jachym"]
[Black "Rakovsky, Jakub"]
[Result "1/2-1/2"]
[WhiteElo "2022"]
[BlackElo "1727"]
[PlyCount "75"]
[EventDate "2019.03.09"]

1. e4 c5 2. Nf3 g6 3. d4 cxd4 4. Nxd4 Bg7 5. Be3 Nc6 6. Nc3 d6 7. Bc4 Nf6 8. f3
Bd7 9. Bb3 a6 10. Qd2 Nxd4 11. Bxd4 Rc8 12. Nd5 Be6 13. Nxf6+ Bxf6 14. Bxf6
exf6 15. O-O Qc7 16. Qh6 Bxb3 17. cxb3 Qc5+ 18. Kh1 Qg5 19. Qxg5 fxg5 20. Rac1
Ke7 21. Kg1 f5 22. Rfd1 Rc6 23. Rxc6 bxc6 24. Kf2 g4 25. exf5 gxf5 26. fxg4
fxg4 27. Rd4 h5 28. Ra4 Ra8 29. Kg3 d5 30. Kh4 c5 31. Kxh5 d4 32. Kxg4 Kd6 33.
Rc4 Kd5 34. h4 d3 35. Kf3 Re8 36. Rc1 Kd4 37. Rc4+ Kd5 38. Rc1 1/2-1/2

[Event "MCR mladeze 2019 - FIDE Open"]
[Site "Kouty nad Desnou"]
[Date "2019.03.09"]
[Round "1"]
[White "Stocek, Martin"]
[Black "Malinovsky, Petr"]
[Result "0-1"]
[WhiteElo "1704"]
[BlackElo "2007"]
[PlyCount "138"]
[EventDate "2019.03.09"]

1. d4 d5 2. c4 e6 3. Nc3 c6 4. cxd5 exd5 5. Bf4 Bd6 6. Bxd6 Qxd6 7. e3 Bf5 8.
Bd3 Bg6 9. Nf3 Nd7 10. Rc1 Ngf6 11. a3 O-O 12. O-O Ne4 13. b4 a6 14. Qc2 f5 15.
Rb1 b5 16. Rbc1 Nb6 17. Ne5 Nc4 18. Nxe4 fxe4 19. Bxc4 bxc4 20. Qe2 Rf6 21.
Nxg6 Rxg6 22. f3 exf3 23. Qxf3 Rf6 24. Qg4 Qe6 25. Qg3 Rg6 26. Qf3 Re8 27. Rce1
Rf6 28. Qh5 Rh6 29. Qf3 Rf6 30. Qh5 Rxf1+ 31. Kxf1 Qf7+ 32. Qxf7+ Kxf7 33. Kf2
a5 34. Rb1 Rb8 35. Kf3 axb4 36. axb4 Ke6 37. Rb2 Rf8+ 38. Kg3 Ra8 39. Kf4 Ra3
40. e4 Rb3 41. Ra2 Rxb4 42. Ra6 Kd7 43. Ra7+ Kc8 44. exd5 cxd5 45. Ke5 c3 46.
Ra1 Rc4 47. Kxd5 Rc7 48. Rc1 Kd7 49. Rc2 Rb7 50. Rxc3 Rb2 51. Rg3 g6 52. Rh3 h5
53. Rg3 g5 54. Rxg5 Rb5+ 55. Ke4 Rxg5 56. Kf3 Kd6 57. g3 Kd5 58. h3 Kxd4 59.
Kf4 Rg8 60. g4 hxg4 61. hxg4 Kd5 62. Kf5 Kd6 63. g5 Ke7 64. g6 Rg7 65. Kg5 Kf8
66. Kh6 Kg8 67. Kg5 Ra7 68. Kh6 Ra6 69. Kh5 Kg7 0-1

[Event "MCR mladeze 2019 - FIDE Open"]
[Site "Kouty nad Desnou"]
[Date "2019.03.09"]
[Round "1"]
[White "Kupsa, Matej"]
[Black "Jerabkova, Julia"]
[Result "1-0"]
[WhiteElo "1987"]
[BlackElo "1695"]
[PlyCount "93"]
[EventDate "2019.03.09"]

1. d4 e6 2. f4 Nf6 3. Nf3 b6 4. e3 Bb7 5. Bd3 c5 6. O-O Nc6 7. c3 Be7 8. Nbd2
d6 9. e4 Qc7 10. a3 O-O 11. b3 Rac8 12. Bb2 Rfd8 13. Qe2 Nb8 14. Rac1 Nbd7 15.
Ng5 Nf8 16. g4 e5 17. Nh3 exf4 18. Nxf4 Ne6 19. Nxe6 fxe6 20. g5 Nd7 21. Qg4
Nf8 22. Rf2 Qd7 23. Rcf1 Ng6 24. h4 e5 25. Bc4+ d5 26. Qxd7 Rxd7 27. exd5 Bxd5
28. Bxd5+ Rxd5 29. c4 Rd7 30. dxe5 Nxh4 31. Ne4 Rf8 32. e6 Rxf2 33. Rxf2 Rd1+
34. Kh2 Re1 35. Rf7 Nf5 36. Ng3 Rxe6 37. Rxf5 Bd6 38. Kg2 Re3 39. Rf3 Re6 40.
Nf5 Bf8 41. Kg3 Re2 42. Bc3 Re4 43. Re3 Rxe3+ 44. Nxe3 Bd6+ 45. Kg4 h6 46. Nf5
Bc7 47. g6 1-0

[Event "MCR mladeze 2019 - FIDE Open"]
[Site "Kouty nad Desnou"]
[Date "2019.03.09"]
[Round "1"]
[White "Janik, Marek Tobias"]
[Black "Kanka, Matej"]
[Result "1-0"]
[WhiteElo "1676"]
[BlackElo "1975"]
[PlyCount "83"]
[EventDate "2019.03.09"]

1. c4 f5 2. Nc3 Nf6 3. Nf3 e6 4. g3 c5 5. Bg2 Nc6 6. O-O g6 7. d4 cxd4 8. Nxd4
a6 9. Bg5 h6 10. Nxe6 dxe6 11. Qxd8+ Nxd8 12. Bxf6 Rh7 13. Rfd1 Be7 14. Bxe7
Rxe7 15. e4 Bd7 16. exf5 gxf5 17. Rd2 Rc8 18. b3 b5 19. Rd4 b4 20. Ne2 e5 21.
Rd6 Re6 22. Rxe6+ Nxe6 23. Rd1 Ke7 24. Rd5 Rc5 25. Kf1 Bc6 26. Rxc5 Bxg2+ 27.
Kxg2 Nxc5 28. Nc1 e4 29. f4 a5 30. Kf2 Kd6 31. Ke3 Ne6 32. h3 h5 33. Ne2 Kc5
34. g4 hxg4 35. hxg4 fxg4 36. Kxe4 Ng7 37. Ng3 Kd6 38. f5 Ne8 39. Kf4 Kc5 40.
Ne4+ Kd4 41. f6 g3 42. f7 1-0

[Event "MCR mladeze 2019 - FIDE Open"]
[Site "Kouty nad Desnou"]
[Date "2019.03.09"]
[Round "1"]
[White "Lajbl, Jan"]
[Black "Janouch, Jachym Stepan"]
[Result "1/2-1/2"]
[WhiteElo "1966"]
[BlackElo "1675"]
[PlyCount "45"]
[EventDate "2019.03.09"]

1. d4 d5 2. c4 e6 3. Nc3 a6 4. cxd5 exd5 5. Nf3 c6 6. Qc2 Nf6 7. Bg5 Be7 8. e4
dxe4 9. Bxf6 Bxf6 10. Nxe4 O-O 11. Nxf6+ Qxf6 12. Bd3 Re8+ 13. Ne5 Nd7 14. O-O
Nxe5 15. dxe5 Rxe5 16. Bxh7+ Kh8 17. f4 Rb5 18. Bd3 Rxb2 19. Qc5 Be6 20. Qh5+
Qh6 21. Qe5 Rb4 22. a3 Rb3 23. Rf3 1/2-1/2

[Event "MCR mladeze 2019 - FIDE Open"]
[Site "Kouty nad Desnou"]
[Date "2019.03.09"]
[Round "1"]
[White "Cipl, Jan"]
[Black "Vlkova, Anezka"]
[Result "0-1"]
[WhiteElo "1626"]
[BlackElo "1951"]
[PlyCount "48"]
[EventDate "2019.03.09"]

1. e4 e6 2. d4 d5 3. exd5 exd5 4. Nf3 Bd6 5. c4 Nf6 6. Nc3 O-O 7. Be2 dxc4 8.
Bxc4 Nbd7 9. O-O Nb6 10. Bb3 c6 11. Bg5 h6 12. Bh4 Bf5 13. Qd2 a5 14. a3 a4 15.
Ba2 Be7 16. Rfe1 Nbd5 17. Nxd5 Nxd5 18. Rxe7 Nxe7 19. Qf4 Ng6 20. Qxf5 Nxh4 21.
Nxh4 Qxh4 22. Rd1 Rad8 23. h3 Rxd4 24. Rc1 Qf4 0-1